Statistics for Länder efter bokstav - P

Click here to take the quiz!

General Stats

  • This quiz has been taken 30 times
  • The average score is 6 of 8

Answer Stats

Land% Correct
Portugal
100%
Pakistan
85%
Peru
85%
Panama
77%
Paraguay
69%
Polen
69%
Palau
54%
Papua Nya Guinea
54%

Score Distribution

Percentile by Number Answered

Percent of People with Each Score

Your Score History

You have not taken this quiz